| 000 | 00946nam a2200241 i 4500 | ||
|---|---|---|---|
| 001 | 72334 | ||
| 003 | ES-MaACL | ||
| 005 | 20250814234223.0 | ||
| 007 | t| | ||
| 008 | 040831s1953 sp ||||1| spa d | ||
| 100 | 1 |
_aGini, Corrado. _957138 |
|
| 245 | 1 | 0 |
_aCurso de estadística / _cCorrado Gini ; con un apéndice matemático por Luigi Galvani ; traducción y adaptación de la edición italiana de 1946-47 por Jorge Stecher Navarra. |
| 250 | _a2ª ed. española totalmente renovada. | ||
| 260 |
_aBarcelona : _bLabor, _c1953 ( _fGrijelmo) |
||
| 300 |
_aXIX, 555 p. : _bil. ; _c23 cm. |
||
| 490 | 1 | _aEnciclopedia de ciencias jurídicas y sociales. Ciencias Sociales | |
| 650 | 0 | 4 |
_aEstadística. _912520 |
| 700 | 1 |
_aGalvani, Luigi. _953694 |
|
| 700 | 1 |
_aStecher Navarra, Jorge. _9107970 |
|
| 830 | 0 | 0 |
_aEnciclopedia de ciencias jurídicas y sociales _9183357 |
| 852 |
_aES-MaACL _jC-5892 _bR.34995 |
||
| 999 |
_c72334 _d72334 |
||